| 000 | 00504nam a2200157Ia 4500 | ||
|---|---|---|---|
| 008 | 230907s9999||||xx |||||||||||||| ||und|| | ||
| 082 |
_a660 _bUSM |
||
| 100 |
_aUsman Ali Khan (00000204272) _9116556 |
||
| 245 | 0 | _aMetal Organic Framework derived CeO2/rGO/CeS2 composite as efficient supercapacitor electrode / | |
| 260 |
_aUSPCAS-E, NUST, _bIslamabad : _c2021 |
||
| 300 | _axv, 62 p. | ||
| 520 | _aTH-256 | ||
| 650 | _aMS ESE Thesis MS Thesis | ||
| 700 |
_aDr Naseem Iqbal _916826 |
||
| 942 |
_cTHE _2ddc |
||
| 999 |
_c601934 _d601934 |
||